| 000 | 02559aam a2200349 i 4500 | ||
|---|---|---|---|
| 999 |
_c44632 _d44632 |
||
| 001 | 768714001 | ||
| 003 | CO-MdFUSB | ||
| 005 | 20240618062713.0 | ||
| 008 | 190905t2006 flu |||| |||| 00| 0 spa d | ||
| 020 | _a1588023818 | ||
| 040 |
_bspa. _aCO-MdFUSB _cCO-MdFUSB _dCO-MdFUSBC _erda |
||
| 041 | _aspa | ||
| 082 | 0 | 4 |
_a23 _2G 266 _bL8478a |
| 245 | 1 | 0 |
_aBiblioteca Misionera _c/ Jesús Londoño , Federico Bertuzzi y Claudia de Bustamante. |
| 250 | _aSegunda edición revisada y ampliada | ||
| 264 | 1 |
_aMiami, Florida : _bPatmos, _c[2006] |
|
| 264 | 4 | _c© 2006 | |
| 300 |
_a64 páginas _c; 21 cm |
||
| 336 |
_atexto _btxt _2rdacontent |
||
| 337 |
_2rdamedia _asin mediación _bn |
||
| 338 |
_2rdacarrier _avolumen _bnc |
||
| 490 | _aColección Biblioteca Misionera. | ||
| 505 | 0 |
_gFASCICULO 1: _tEl espíritu de Comibam. _r/ Bertil Ekström, _aAdelphos, sunergos o sustratos. / Hugo C. Morales. -- Alcance un Pueblo: un programa viable. / Jesús Londoño. -- Cuidado pastoral del misionero. / Marcia Tostes. -- Misioneros latinos: quiénes son, dónde están. /Allan Matamoros. -- Iglesias fuertes, pastores con visión. |
|
| 505 | 0 |
_gFASCICULO 2: _tJustificación bíblico. _r/ Jesús Londoño _aTeológica -- El procedimiento para alcanzar una etnia. -- Instrumentación en los movimientos misioneros. nacionales. -- Apéndice. -- Glosario misionológico -- Declaración de San José -- Adopte un pueblo. |
|
| 505 | 0 |
_gFASCICULO 3: _tMisión transcultural. _r/ Compilado por Federico Bertuzzi _a La singularidad de nuestra misión transcultural. / David D. Ruíz M. -- Base veterotestamentaria de misión transcultural: integral y profética./ Pablo Davies. -- Base neotestamentaria de la misión transcultural. / Tito Paredes. -- Internacionalización o anglo nización de la misión. / Federico A. Bertuzzi. -- Misioneros latinos: ¿hijos del postmodernismo? / Pablo Carrillo Luna. |
|
| 505 | 0 |
_gFascículo 5: _tConsejos para el cuidado del misionero. _r/ Claudia Bustamente _aFASCICULO 5: Antes, desde el llamado hasta el envío. -- Durante, mientras están en el campo. -- Después, de regreso al país de origen. |
|
| 505 | 0 |
_gFASCICULO 6: _tUn clamor por las naciones. _r/ Editado por Edgardo Surenian. _aEnséñanos a orar. / Edgardo R. Surenian. -- La intercesión bíblica, poder espiritual para cambiar el mundo. / Patrick Johnstone. -- La intercesión estratégica. / Phill y David Bogosian. -- Participación en la oración. / Phill y David Bogosian. |
|
| 563 | _aRústico | ||
| 650 | 0 |
_aMisiones _9154 |
|
| 942 | _cBK | ||
| 945 | _aJTF-925 | ||